Kde jsou evropské zdroje pro české firmy ?

Českí podnikatelia si od Európskej únie sľubujú hlavne rýchle a ľahko dostupné peniaze. Základné odporúčania pre tých, ktorí plánujú projekt, ktorý by chceli spolufinancovať z priamo riadených programov EÚ. Malé a stredné firmy očakávajú pomoc pri písaní projektov a ich spolufinancovaní.

Guardado en:
Detalles Bibliográficos
Autor principal: Šmejkal, Václav
Formato: Capítulo de libro
Lenguaje:checo
Materias:
Etiquetas: Agregar Etiqueta
Sin Etiquetas, Sea el primero en etiquetar este registro!

MARC

LEADER 00000naa a2200000 4500
001 r047298
005 20231004070721.2
041 0 |a cze 
044 |a CZ 
245 1 0 |a Kde jsou evropské zdroje pro české firmy ?  |c Václav Šmejkal 
520 |a Českí podnikatelia si od Európskej únie sľubujú hlavne rýchle a ľahko dostupné peniaze. Základné odporúčania pre tých, ktorí plánujú projekt, ktorý by chceli spolufinancovať z priamo riadených programov EÚ. Malé a stredné firmy očakávajú pomoc pri písaní projektov a ich spolufinancovaní. 
610 2 0 |a podnikanie 
610 2 0 |a podnik malý 
610 2 0 |a podnik stredný 
610 2 0 |a projekty 
610 2 0 |a Česko 
610 2 0 |a zdroje finančné 
610 2 0 |a Európska únia 
100 1 |a Šmejkal, Václav